|
|
|
|
| LEADER |
00000nam0a2200000 4500 |
| 001 |
212346 |
| 005 |
20231101225741.0 |
| 010 |
|
|
|a 0521387795
|
| 035 |
|
|
|a (RuTPU)RU\TPU\book\231992
|
| 090 |
|
|
|a 212346
|
| 100 |
|
|
|a 20120326d1997 k y0engy50 ba
|
| 101 |
0 |
|
|a eng
|
| 102 |
|
|
|a GB
|
| 105 |
|
|
|a y z 001zy
|
| 200 |
1 |
|
|a Second Language Teacher Education
|f edited by J. C. Richards, D. Nunan
|
| 205 |
|
|
|a 7th ed.
|
| 210 |
|
|
|a Cambridge
|c Cambridge University Press
|d 1997
|
| 215 |
|
|
|a 340 p.
|
| 225 |
1 |
|
|a Cambridge Language Teaching Library
|
| 320 |
|
|
|a References: p. 313-328.
|
| 320 |
|
|
|a Index: p. 329-340.
|
| 330 |
|
|
|a The book reflects the shift in orientation from teacher training to teacher education, in which teachers are involved in developing their own theories of teaching, in understanding the nature of teacher decision'making, and in developing strategies for critical self-awareness and self-evaluation. It is aimed at teachers, teacher educators, and workshop facilitators involved in both preservice and inservice second language teacher education.
|
| 606 |
1 |
|
|a Английский язык
|x Содержание и методика преподавания языка в высшей школе
|2 stltpush
|3 (RuTPU)RU\TPU\subj\29068
|9 52480
|
| 610 |
1 |
|
|a лексика
|
| 610 |
1 |
|
|a грамматика
|
| 610 |
1 |
|
|a разговорная речь
|
| 610 |
1 |
|
|a методика
|
| 610 |
1 |
|
|a обучение
|
| 610 |
1 |
|
|a преподавание
|
| 686 |
|
|
|a Ш143.21-91
|v LBC/SL-A
|2 rubbk
|
| 702 |
|
1 |
|a Richards
|b J. C.
|g Jack
|4 340
|
| 702 |
|
1 |
|a Nunan
|b D.
|g David
|4 340
|
| 801 |
|
1 |
|a RU
|b 63413507
|c 20120326
|
| 801 |
|
2 |
|a RU
|b 63413507
|c 20120402
|g RCR
|
| 942 |
|
|
|c BK
|